SCALE,OPEN CLOSE WINDOWSDOORS,GATESLOGGIAS,FILTERS (Record no. 1162614)

MARC details
000 -LEADER
fixed length control field 00298nam a2200109Ia 4500
008 - FIXED-LENGTH DATA ELEMENTS--GENERAL INFORMATION
fixed length control field 240521s2010 xx 000 0 und d
041 ## - LANGUAGE CODE
Language code of text/sound track or separate title eng
100 ## - MAIN ENTRY--PERSONAL NAME
Personal name REICHEL .A.,SCHULTZ.K.
245 ## - TITLE STATEMENT
Title SCALE,OPEN CLOSE WINDOWSDOORS,GATESLOGGIAS,FILTERS
260 ## - PUBLICATION, DISTRIBUTION, ETC.
Name of publisher, distributor, etc. BIRKHAUSER VERLAG
Date of publication, distribution, etc. 2010
300 ## - PHYSICAL DESCRIPTION
Extent 175

No items available.